Les Sages dans les jeux Zelda - Statistiques

Statistiques générales
  • Ce quiz a été pris 110 fois
  • Le résultat moyen est 21 sur 55
Statistiques - réponses
Jeu Nom du Sage % Correct
A Link to the PastOcarina of Time Four Sword Adventures Zelda
92%
A Link to the Past Ocarina of Time Four Sword Adventures Zelda
92%
A Link to the Past
Ocarina of Time
Four Sword Adventures
Zelda
92%
Breath of the Wild (Prodiges) Mipha
89%
Breath of the Wild (Prodiges) Daruk
87%
Breath of the Wild (Prodiges) Link
87%
Breath of the Wild (Prodiges) Revali
87%
Ocarina of Time Rauru
85%
Tears of the Kingdom (passé) Rauru
85%
Breath of the Wild (Prodiges) Urbosa
84%
Tears of the Kingdom (présent) Sidon
81%
Ocarina of Time Impa
77%
A Link Between Worlds Impa
77%
Ocarina of Time Ruto
73%
Tears of the Kingdom (présent) Yunobo
72%
Tears of the Kingdom (présent) Babil
71%
Ocarina of Time Darunia
68%
Tears of the Kingdom (présent) Riju
68%
Ocarina of Time Saria
63%
Ocarina of Time Nabooru
61%
Tears of the Kingdom (passé) Mineru
54%
Tears of the Kingdom (passé/présent) Mineru
54%
Tears of the Kingdom (passé) Sonia
53%
The Wind Waker Médolie
41%
The Wind Waker Dumoria
25%
The Wind Waker Laruto
20%
Tears of the Kingdom (passé) Ancien Sage Gerudo
13%
Tears of the Kingdom (passé) Ancien Sage Goron
13%
Tears of the Kingdom (passé) Ancien Sage Piaf
13%
Tears of the Kingdom (passé) Ancien Sage Zora
13%
A Link to the PastFour Sword Adventures Sage Blanc
13%
Four Sword AdventuresA Link to the Past Sage Blanc
13%
A Link to the PastFour Sword Adventures Sage Bleu
13%
Four Sword AdventuresA Link to the Past Sage Bleu
13%
A Link to the PastFour Sword Adventures Sage Jaune
13%
Four Sword AdventuresA Link to the Past Sage Jaune
13%
A Link to the PastFour Sword Adventures Sage Rouge
13%
Four Sword AdventuresA Link to the Past Sage Rouge
13%
A Link to the Past Four Sword Adventures Sage Vert
13%
Four Sword AdventuresA Link to the Past Sage Vert
13%
A Link to the PastFour Sword Adventures Sage Violet
13%
Four Sword AdventuresA Link to the Past Sage Violet
13%
A Link Between Worlds Célès
10%
The Wind Waker Fado
10%
A Link Between Worlds Guly
10%
A Link Between Worlds Orlène
9%
Spirit Tracks (Locomos) Bicelle
8%
A Link Between Worlds Rosso
6%
A Link Between Worlds Aeline
5%
A Link Between Worlds Asphar
5%
Spirit Tracks (Locomos) Spap
4%
Spirit Tracks (Locomos) Bouyer
3%
Spirit Tracks (Locomos) Dohmu
3%
Spirit Tracks (Locomos) Pysto
3%
Spirit Tracks (Locomos) Tendor
3%
Aucun quiz correspondant
Distribution des résultats
% des personnes avec chaque résultat
Percentile par nombre de réponses
Votre historique - résultats
Vous n’avez pas pris ce quiz